000
00294nam a2200121Ia 4500
008
241002s9999 xx 000 0 und d
082
_a
962.053 GAM
100
_a
Gamal, Abdel Nasser
245
4
_a
The Philosophy of the Revolution
260
_a
London:
_c
1959
600
_a
History
942
_c
UC
999
_c
18937
_d
18937